000 00576nam a2200193Ia 4500
005 20250508165324.0
008 008 250505s9999 xx 000 0 eng d
037 _aDissertations
040 _aFEDL
_beng
_cFEDL
041 _aeng
_2eng
084 _a376, SET/DI
_qFEDL
100 _aSeth Nidhi
_9779589
245 0 _aUnderstanding the role of education in women's narratives in the Nineteenth Century
260 _c2013
300 _a234p.
546 _aM. Phil Dissertation (Delhi University)
942 _cDIS
_h376, SET/DI
999 _c1394450
_d1394450